000 00411nam a2200169Ia 4500
003 OSt
005 20240409111545.0
008 170619s9999 xx 000 0 und d
020 _a978-8175156173
040 _cIIMT ENGINEERING COLLEGE
100 _aDesai- Bipin C
245 3 _aAn introduction to database system
260 _bNew Delhi Galgotia
260 _c2006
546 _aENGLISH
942 _2ddc
_c02
999 _c22166
_d22166